000 00581nam a2200169 4500
005 20150511092641.0
007 000
008 000
040 _aUOEL
050 _aSB199
_b.I3 1983
110 _aInternational Livestock Centre for Africa
245 _aPastoral Systems Research in Sub-Saharan Africa
_b:Proceedings of the IDRC/ILCA Workshop held at ILCA, Addis Ababa, Ethiopia 21 to 24 March, 1983
260 _aAddis Ababa,Ethiopia.:
_binternational Livestock Centre for Africa,
_cc1983.
300 _avii,480p.:
_bill.;
650 _aPastoral
_xSystems Research
942 _2lcc
_cLL
999 _c7039
_d7039